[Event "Arie Nijman Memorial"]
[Site "Christchurch"]
[Date "2023.05.20"]
[Round "3"]
[White "Bolster, Caolan"]
[Black "Christie, Richie"]
[Result "0-1"]
[WhiteElo "1451"]
[BlackElo "1857"]
[PlyCount "60"]
[EventDate "2023.05.19"]
[EventType "swiss"]
[EventRounds "6"]
[EventCountry "NZL"]
[SourceTitle "EXT 2024"]
[Source "ChessBase"]
[SourceDate "2023.10.10"]
[SourceVersion "1"]
[SourceVersionDate "2023.10.10"]
[SourceQuality "1"]

1. d4 d5 2. c4 e6 3. Nf3 f5 4. Bg5 Nf6 5. e3 Be7 6. Nc3 c6 7. Be2 0-0 8. Qb3 Ne4 9. Bxe7 Qxe7 10. Ne5 Nd7 11. Nxd7 Bxd7 12. 0-0 Nd2 13. Qc2 Nxf1 14. Bxf1 Qg5 15. g3 Rf6 16. Ne2 Rh6 17. Nf4 Qf6 18. c5 g5 19. Nd3 Be8 20. Ne5 Bh5 21. a4 Qg7 22. b4 a6 23. Rb1 Be8 24. b5 axb5 25. axb5 cxb5 26. Bxb5 Bxb5 27. Rxb5 Ra1+ 28. Kg2 Rxh2+ 29. Kf3 Qh6 30. Ke2 Rxf2+ 0-1

[Event "Arie Nijman Memorial"]
[Site "Christchurch"]
[Date "2023.05.20"]
[Round "4"]
[White "Christie, Richie"]
[Black "Anikonov, Artem"]
[Result "1/2-1/2"]
[WhiteElo "1857"]
[BlackElo "1308"]
[PlyCount "78"]
[EventDate "2023.05.19"]
[EventType "swiss"]
[EventRounds "6"]
[EventCountry "NZL"]
[SourceTitle "EXT 2024"]
[Source "ChessBase"]
[SourceDate "2023.10.10"]
[SourceVersion "1"]
[SourceVersionDate "2023.10.10"]
[SourceQuality "1"]

1. d4 d5 2. Nc3 Nf6 3. Bf4 Bf5 4. f3 e6 5. g4 Bg6 6. h4 h6 7. h5 Bh7 8. e3 Bd6 9. Nh3 Nbd7 10. Nb5 Bxf4 11. Nxf4 a6 12. Nc3 c6 13. Bd3 e5 14. dxe5 Nxe5 15. Bxh7 Rxh7 16. Qe2 Qe7 17. 0-0-0 Nc4 18. Nd3 Qxe3+ 19. Qxe3+ Nxe3 20. Rhe1 d4 21. Nc5 0-0-0 22. Rd3 Ng2 23. Red1 b6 24. N5a4 b5 25. Nc5 b4 26. Ne2 Ne3 27. Rg1 Rd5 28. Nxd4 Nxc2 29. Ndb3 Na1 30. Rxd5 Nxb3+ 31. axb3 Nxd5 32. Nxa6 Rh8 33. Re1 Kb7 34. Nc5+ Kb6 35. Nd3 c5 36. Ne5 f6 37. Nc4+ Kc7 38. Re6 Rd8 39. Kc2 Rd7 1/2-1/2

[Event "South Island-ch"]
[Site "Hanmer Springs"]
[Date "2019.10.06"]
[Round "3"]
[White "Christie, Richie"]
[Black "Xie, Felix"]
[Result "0-1"]
[WhiteElo "1936"]
[BlackElo "1856"]
[PlyCount "102"]
[EventDate "2019.10.05"]
[EventType "swiss"]
[EventRounds "9"]
[EventCountry "NZL"]
[SourceTitle "EXT 2023"]
[Source "ChessBase"]
[SourceDate "2022.10.05"]
[SourceVersion "1"]
[SourceVersionDate "2022.10.05"]
[SourceQuality "1"]

1. d4 Nf6 2. Bf4 g6 3. Nc3 Bg7 4. e4 c5 5. d5 d6 6. Nf3 Bg4 7. Be2 Bxf3 8. Bxf3 Nbd7 9. 0-0 0-0 10. Re1 Ne5 11. Bxe5 dxe5 12. Qd3 Ne8 13. Bg4 Nd6 14. Nb5 a6 15. Nxd6 exd6 16. a4 b6 17. Ra3 Qc7 18. c4 Qe7 19. g3 Qg5 20. Bf3 f5 21. Bg2 Qf6 22. Rf1 f4 23. Rb3 Rab8 24. Qc3 g5 25. Bh3 h5 26. g4 f3 27. Qe3 Qf4 28. Re1 hxg4 29. Bf1 Qf6 30. Bg2 fxg2 31. Kxg2 Qf4 32. Qg3 Rf6 33. a5 b5 34. cxb5 axb5 35. Ra3 Qd2 36. Rea1 Rbf8 37. Rf1 Qxb2 38. a6 Rf3 39. Rxf3 gxf3+ 40. Kg1 Qd2 41. Qg4 Qf4 42. Qe6+ Kh7 43. a7 Ra8 44. Qh3+ Kg6 45. Ra1 Qxe4 46. Qe6+ Bf6 47. Rd1 Qf4 48. Qxd6 Qg4+ 49. Kf1 Qg2+ 50. Ke1 Qg1+ 51. Kd2 Qxf2+ 0-1

[Event "NZL-ch op 124th"]
[Site "Wellington"]
[Date "2017.01.09"]
[Round "9"]
[White "Christie, Richie"]
[Black "Gold, Hamish R"]
[Result "1-0"]
[WhiteElo "1936"]
[BlackElo "1792"]
[PlyCount "59"]
[EventDate "2017.01.01"]
[EventType "swiss"]
[EventRounds "9"]
[EventCountry "NZL"]
[SourceTitle "EXT 2018"]
[Source "ChessBase"]
[SourceDate "2017.10.13"]
[SourceVersion "1"]
[SourceVersionDate "2017.10.13"]
[SourceQuality "1"]

1. d4 e6 2. Bf4 f5 3. Nf3 Nf6 4. g3 b6 5. Bg2 Bb7 6. 0-0 Be7 7. c4 d6 8. Ng5 Bxg2 9. Kxg2 Qd7 10. d5 e5 11. Bc1 Na6 12. Nc3 h6 13. Ne6 g5 14. Qc2 e4 15. f3 Nc5 16. Nxc5 bxc5 17. fxe4 f4 18. Rf3 fxg3 19. Rxg3 Nh5 20. e5 0-0-0 21. e6 Qe8 22. Nb5 Nxg3 23. Qa4 Qxb5 24. cxb5 Kb8 25. hxg3 Rdf8 26. Be3 Rf5 27. Rf1 Rxf1 28. Kxf1 Rf8+ 29. Kg2 Rf5 30. b6 1-0

[Event "NZL-ch op 124th"]
[Site "Wellington"]
[Date "2017.01.06"]
[Round "6"]
[White "Christie, Richie"]
[Black "Shaw, Robin A"]
[Result "1/2-1/2"]
[WhiteElo "1936"]
[BlackElo "1778"]
[PlyCount "66"]
[EventDate "2017.01.01"]
[EventType "swiss"]
[EventRounds "9"]
[EventCountry "NZL"]
[SourceTitle "CBM 176 Extra"]
[Source "ChessBase"]
[SourceDate "2017.03.02"]
[SourceVersion "1"]
[SourceVersionDate "2017.03.02"]
[SourceQuality "1"]

1. e4 g6 2. d4 Bg7 3. Nc3 a6 4. Nf3 d6 5. Be3 Nd7 6. Be2 b5 7. a4 b4 8. Na2 c5 9. c3 Ngf6 10. Nd2 Bb7 11. f3 bxc3 12. Nxc3 0-0 13. 0-0 Rc8 14. d5 Ne8 15. Nc4 Ne5 16. Rf2 Nxc4 17. Bxc4 Qa5 18. Qd3 Rb8 19. Rc2 Bc8 20. Bd2 Qb6 21. Ra3 Qa7 22. Kh1 Nf6 23. f4 Ng4 24. Qe2 Bd4 25. Nd1 f5 26. h3 Nf6 27. e5 Ne4 28. Be1 dxe5 29. fxe5 Bxe5 30. Rf3 Bd6 31. Nc3 Bd7 32. b3 Rbe8 33. Bxa6 Nf6 1/2-1/2

[Event "NZL-ch op 124th"]
[Site "Wellington"]
[Date "2017.01.03"]
[Round "3"]
[White "Christie, Richie"]
[Black "Wastney, Scott C"]
[Result "0-1"]
[WhiteElo "1936"]
[BlackElo "2350"]
[PlyCount "82"]
[EventDate "2017.01.01"]
[EventType "swiss"]
[EventRounds "9"]
[EventCountry "NZL"]
[SourceTitle "CBM 176 Extra"]
[Source "ChessBase"]
[SourceDate "2017.03.02"]
[SourceVersion "1"]
[SourceVersionDate "2017.03.02"]
[SourceQuality "1"]

1. d4 Nf6 2. Bf4 d5 3. e3 c5 4. c3 Nc6 5. Nd2 Bf5 6. Ngf3 Qb6 7. Nh4 Bd7 8. Qb3 c4 9. Qc2 Nh5 10. Bg3 Nxg3 11. hxg3 e6 12. b3 cxb3 13. axb3 Rc8 14. Nhf3 g6 15. c4 Bg7 16. c5 Qc7 17. Bb5 Nb4 18. Bxd7+ Qxd7 19. Qc3 Qb5 20. Nc4 dxc4 21. bxc4 Qxc5 22. Nd2 Nc6 23. Qc1 Qe7 24. Rb1 0-0 25. Nf3 b6 26. Rb5 e5 27. d5 Na5 28. Rh4 Rc5 29. Qa3 Bf6 30. Rxc5 Bxh4 31. d6 Qd8 32. Rxa5 bxa5 33. gxh4 e4 34. Nd4 Qb6 35. c5 Qb1+ 36. Ke2 Rb8 37. d7 Rb2+ 38. Qxb2 Qxb2+ 39. Kd1 Qb8 40. Nc6 Qb1+ 41. Ke2 Qd3+ 0-1